Trajets stupides en bus à Paris / en Île de France #1 - Statistiques

Statistiques générales
  • Ce quiz a été pris 4 fois
  • Le résultat moyen est 14 sur 28
Statistiques - réponses
Trajet Etape Réponse % Correct
Créteil - Pointe du Lac -> Pierrefitte - Stains RER Choisy-le-Roi RER 182
75%
Val de Fontenay -> Les Courtilles Colombes - Petit Gennevilliers 276
75%
Créteil - Pointe du Lac -> Pierrefitte - Stains RER Créteil - Pointe du Lac 393
75%
Nanterre - Préfecture -> Nogent-sur-Marne RER Porte de Champerret 93
75%
Vélizy 2 -> Noisy-le-Grand - Mont d'Est RER Marché de Rungis TVM
75%
Nanterre - Préfecture -> Nogent-sur-Marne RER Château de Vincennes 114 / 210
50%
Créteil - Pointe du Lac -> Pierrefitte - Stains RER Mairie d'Ivry 132
50%
Pont de Sèvres -> Pont de Bondy Eglise de Pantin 147
50%
Créteil - Pointe du Lac -> Pierrefitte - Stains RER Porte de la Villette 150
50%
Nanterre - Préfecture -> Nogent-sur-Marne RER Nanterre - Préfecture RER 163
50%
Val de Fontenay -> Les Courtilles Fort d'Aubervilliers 173
50%
Vélizy 2 -> Noisy-le-Grand - Mont d'Est RER Vélizy 2 179
50%
Vélizy 2 -> Noisy-le-Grand - Mont d'Est RER Robinson RER 192
50%
Nanterre - Préfecture -> Nogent-sur-Marne RER Malesherbes - Courcelles / Saint-Augustin 20
50%
Massy - Palaiseau RER -> Aéroport CDG 1 Massy - Rue des Fleurs 299
50%
Vélizy 2 -> Noisy-le-Grand - Mont d'Est RER Saint-Maur - Créteil RER 306
50%
Massy - Palaiseau RER -> Aéroport CDG 1 Porte de la Chapelle 350
50%
Massy - Palaiseau RER -> Aéroport CDG 1 Porte d'Orléans 38
50%
Massy - Palaiseau RER -> Aéroport CDG 1 Massy - Palaiseau RER 4501 / 399
50%
Nanterre - Préfecture -> Nogent-sur-Marne RER République 56
50%
Pont de Sèvres -> Pont de Bondy Quai François Mitterrand / Hôtel de Ville 69
50%
Créteil - Pointe du Lac -> Pierrefitte - Stains RER Bibliothèque François Mitterrand 71
50%
Pont de Sèvres -> Pont de Bondy Boulogne - Rhin et Danube 72
50%
Val de Fontenay -> Les Courtilles La Plaine - Stade de France RER 9517
50%
Val de Fontenay -> Les Courtilles Bobigny - Pablo Picasso 234
25%
Val de Fontenay -> Les Courtilles Val de Fontenay 301
25%
Pont de Sèvres -> Pont de Bondy Pont de Sèvres 467
25%
Pont de Sèvres -> Pont de Bondy Voltaire - Léon Blum 61
25%
Aucun quiz correspondant
Distribution des résultats
% des personnes avec chaque résultat
Percentile par nombre de réponses
Votre historique - résultats
Vous n’avez pas pris ce quiz